Star Wars SPACEBALLS Characters - Statistics

General Stats
  • This quiz has been taken 154 times
  • The average score is 5 of 8
Answer Stats
Star Wars Character Spaceballs Character % Correct
Darth Vader Dark Helmet
86%
Chewbacca Barf
84%
Yoda Yogurt
83%
Jabba the Hutt Pizza the Hutt
80%
Princess Leia Organa Princess Vespa
61%
Luke Skywalker/Han Solo Captain Lone Starr
53%
C-3PO Dot Matrix
47%
Bail Organa King Roland
35%
No matching quizzes found
Score Distribution
Percent of People with Each Score
Percentile by Number Answered
Your Score History
You have not taken this quiz